| 000 | 00404nam a2200145Ia 4500 | ||
|---|---|---|---|
| 008 | 231129s2003||||xx |||||||||||||| ||spa|| | ||
| 020 | _a970-729-019-6 | ||
| 040 | _bspa | ||
| 082 | _a616.8914 C797p | ||
| 100 | _aCoren Alex | ||
| 245 | 0 | _aPsicoterapia a corto plazo: un enfoque psicodinámico | |
| 260 | _c2003 | ||
| 264 | _aEl manual moderno | ||
| 942 |
_2ddc _cBKS |
||
| 999 |
_c23526 _d23526 |
||